Wybory do Europarlamentu 2024 - Statystyki

Ogólne statystyki
  • Ten quiz został rozwiązany 190 razy
  • Średni wynik to 6 z 7
Statystyki odpowiedzi
Mandaty Komitet % Poprawnych
20 Prawo i Sprawiedliwość
100%
21 Koalicja Obywatelska
99%
6 Konfederacja Wolność i Niepodległość
99%
3 Lewica
98%
3 Trzecia Droga Polska 2050 Szymona Hołowni - Polskie Stronnictwo Ludowe
97%
0 Bezpartyjni Samorządowcy - Normalna Polska w Normalnej Europie
66%
0 PolExit
42%
Nie znaleziono quizów pasujących do podanych kryteriów
Rozkład punktacji
Procent ludzi z każdym wynikiem
Percentyl według liczby udzielonych odpowiedzi
Twoja historia wyników
Nie rozwiązałeś tego quizu